Irregular verbs Động từ bất quy tắc

Sách gồm 343 động từ bất quy tắc Anh ngữ xếp theo thứ tự A, B, C,... được phiên âm quốc tế mới. Ngoài ra, sách còn có thêm phần luyện thi Trung học và Đại học

保存先:
書誌詳細
第一著者: Quang Hùng
フォーマット: 図書
言語:Undetermined
出版事項: 1996
主題:
タグ: タグ追加
タグなし, このレコードへの初めてのタグを付けませんか!
Thư viện lưu trữ: Trung tâm Học liệu Trường Đại học Cần Thơ
LEADER 00763nam a2200193Ia 4500
001 CTU_28818
008 210402s9999 xx 000 0 und d
020 |b 1.050đ 
082 |a 425 
082 |b H513 
100 |a Quang Hùng 
245 0 |a Irregular verbs 
245 0 |b Động từ bất quy tắc 
245 0 |c Quang Hùng, Văn Nhiều 
260 |c 1996 
520 |a Sách gồm 343 động từ bất quy tắc Anh ngữ xếp theo thứ tự A, B, C,... được phiên âm quốc tế mới. Ngoài ra, sách còn có thêm phần luyện thi Trung học và Đại học 
650 |a english language - verb 
904 |i Minh, 990305 
980 |a Trung tâm Học liệu Trường Đại học Cần Thơ